Manejo y conducción de grupos ecoturistas (Registro nro. 1496)
[ vista simple ]
| 000 -CABECERA | |
|---|---|
| campo de control de longitud fija | 00934aam a2200325 4500 |
| 005 - FECHA Y HORA DE ACTUALIZACIÓN | |
| campo de control | 20221123154206.0 |
| 008 - LONGITUD FIJA | |
| campo de control de longitud fija | 150626b xxu||||| |||| 00| 0 spa d |
| 041 ## - IDIOMA | |
| Código de idioma del texto/pista de sonido o título separado | |
| 082 ## - CLASIFICACIÓN DECIMAL DEWEY | |
| Número de clasificación | 1.0.67 R476m |
| 100 ## - AUTOR PERSONAL | |
| Nombre de persona | Rhodes Espinoza, Allan R. |
| 100 ## - AUTOR PERSONAL | |
| Nombre de persona | Woching, Ana Victoria |
| 245 ## - TÍTULO PROPIAMENTE DICHO | |
| Título | Manejo y conducción de grupos ecoturistas |
| 260 ## - PIE DE IMPRENTA | |
| Lugar de publicación, distribución, etc. | Costa Rica |
| 260 ## - PIE DE IMPRENTA | |
| Nombre del editor, distribuidor, etc. | Ecoturismo Educa |
| 260 ## - PIE DE IMPRENTA | |
| Fecha de publicación, distribución, etc. | 2005 |
| 300 ## - DESCRIPCIÓN FÍSICA | |
| Extensión | 89 páginas |
| 650 ## - Materia General | |
| Materia general | ECOTURISMO |
| 650 ## - Materia General | |
| Materia general | ECOTURISTAS |
| 650 ## - Materia General | |
| Materia general | TURISMO NATURAL |
| 650 ## - Materia General | |
| Materia general | RECREACIÓN |
| 650 ## - Materia General | |
| Materia general | BIOLOGIA |
| 650 ## - Materia General | |
| Materia general | CONSERVACIÓN |
| 650 ## - Materia General | |
| Materia general | TURISMO ECOLOGICO |
| 650 ## - Materia General | |
| Materia general | GRUPOS ECOTURISTAS |
| 650 ## - Materia General | |
| Materia general | PRODUCTO ECOTURÍSTICO |
| 650 ## - Materia General | |
| Materia general | PLANIFICACIÓN ECOTURÍSTICA |
| 650 ## - Materia General | |
| Materia general | MANEJO DE GRUPOS |
| 650 ## - Materia General | |
| Materia general | CONDUCCIÓN DE GRUPOS |
| 942 ## - Punto de Acceso Adicional Koha | |
| Tipo de ítem Koha | Libro |
| Estado perdido | Estado dañado | No para préstamo | Biblioteca permanente | Biblioteca actual | Signatura completa | Código de barras | Precio efectivo a partir del | Tipo de ítem |
|---|---|---|---|---|---|---|---|---|
| Departamento de Biblioteca y Documentación Alfonso Chase Brenes | Departamento de Biblioteca y Documentación Alfonso Chase Brenes | 1.0.67 R476m | 12168 | 13/10/2016 | Libro | |||
| Departamento de Biblioteca y Documentación Alfonso Chase Brenes | Departamento de Biblioteca y Documentación Alfonso Chase Brenes | 1.0.67 R476m | 12073 | 13/10/2016 | Libro | |||
| Departamento de Biblioteca y Documentación Alfonso Chase Brenes | Departamento de Biblioteca y Documentación Alfonso Chase Brenes | 1.0.67 R476m | 12074 | 13/10/2016 | Libro | |||
| Departamento de Biblioteca y Documentación Alfonso Chase Brenes | Departamento de Biblioteca y Documentación Alfonso Chase Brenes | 1.0.67 R476m | 12075 | 13/10/2016 | Libro |